[Event "Sport Summer 2016"]
[Site "Paracin"]
[Date "2016.07.11"]
[Round "5.9"]
[White "Ratkovic, Milovan"]
[Black "Kasparov, Sergey"]
[Result "0-1"]
[BlackElo "2470"]
[WhiteElo "2382"]
[LiveChessVersion "1.4.8"]

1. d4 {[%clk 1:28:06]} c5 {[%clk 1:30:27]} 2. d5 {[%clk 1:26:21]} Nf6
{[%clk 1:30:32]} 3. c4 {[%clk 1:25:39]} b5 {[%clk 1:30:33]} 4. Nd2
{[%clk 1:25:57]} bxc4 {[%clk 1:30:19]} 5. e4 {[%clk 1:26:15]} e6 {[%clk 1:30:24]}
6. Bxc4 {[%clk 1:25:34]} exd5 {[%clk 1:29:57]} 7. exd5 {[%clk 1:25:32]} d6
{[%clk 1:30:00]} 8. Ne2 {[%clk 1:21:57]} Be7 {[%clk 1:29:27]} 9. O-O
{[%clk 1:21:24]} O-O {[%clk 1:29:09]} 10. b3 {[%clk 1:20:19]} Nbd7
{[%clk 1:28:04]} 11. Bb2 {[%clk 1:16:38]} Nb6 {[%clk 1:26:54]} 12. Nf4
{[%clk 1:12:57]} Rb8 {[%clk 1:20:58]} 13. Re1 {[%clk 1:07:47]} Ng4
{[%clk 1:14:53]} 14. Nh5 {[%clk 1:03:20]} g6 {[%clk 1:11:03]} 15. Qe2
{[%clk 0:50:12]} Bg5 {[%clk 1:06:15]} 16. h3 {[%clk 0:35:34]} gxh5
{[%clk 0:55:31]} 17. hxg4 {[%clk 0:35:52]} Bxg4 {[%clk 0:50:28]} 18. Qd3
{[%clk 0:26:30]} f6 {[%clk 0:36:34]} 19. f3 {[%clk 0:19:48]} Bd7 {[%clk 0:33:53]}
20. g3 {[%clk 0:19:43]} f5 {[%clk 0:28:51]} 21. Kg2 {[%clk 0:16:53]} Bf6
{[%clk 0:25:34]} 22. Bxf6 {[%clk 0:17:18]} Qxf6 {[%clk 0:26:00]} 23. Rh1
{[%clk 0:16:12]} Be8 {[%clk 0:25:09]} 24. f4 {[%clk 0:12:50]} Bg6
{[%clk 0:22:17]} 25. Rae1 {[%clk 0:12:35]} Rbe8 {[%clk 0:20:31]} 26. Re6
{[%clk 0:09:05]} Rxe6 {[%clk 0:19:34]} 27. dxe6 {[%clk 0:09:24]} d5
{[%clk 0:19:27]} 28. e7 {[%clk 0:09:25]} Qxe7 {[%clk 0:19:45]} 29. Bxd5+
{[%clk 0:09:34]} Nxd5 {[%clk 0:19:49]} 30. Qxd5+ {[%clk 0:09:59]} Bf7
{[%clk 0:19:37]} 31. Qe5 {[%clk 0:04:07]} Qb7+ {[%clk 0:19:27]} 32. Nf3
{[%clk 0:04:28]} Re8 {[%clk 0:18:05]} 33. Qc3 {[%clk 0:04:51]} Re2+
{[%clk 0:14:29]} 34. Kh3 {[%clk 0:05:02]} Bd5 {[%clk 0:13:40]} 35. Rf1
{[%clk 0:01:19]} Qg7 {[%clk 0:09:28]} 36. Qxg7+ {[%clk 0:01:42]} Kxg7
{[%clk 0:09:55]} 37. Nh4 {[%clk 0:01:39]} Kf6 {[%clk 0:10:19]} 38. Rc1
{[%clk 0:02:03]} Rxa2 {[%clk 0:10:22]} 39. Rxc5 {[%clk 0:02:28]} Be4
{[%clk 0:10:50]} 40. Rc3 {[%clk 0:00:57]} Rf2 {[%clk 0:10:03]} 41. Rc1
{[%clk 0:00:39]} a5 {[%clk 0:09:24]} 42. Rd1 {[%clk 0:00:34]} Ke6
{[%clk 0:09:37]} 43. Ra1 {[%clk 0:00:41]} Rb2 {[%clk 0:08:38]} 44. Rxa5
{[%clk 0:00:38]} Rb1 {[%clk 0:07:33]} 45. Ra6+ {[%clk 0:00:58]} Kd5
{[%clk 0:07:37]} 46. Ra5+ {[%clk 0:01:15]} Kc6 {[%clk 0:07:21]} 47. Ra2
{[%clk 0:00:34]} Kb5 {[%clk 0:07:26]} 48. g4 {[%clk 0:00:38]} hxg4+
{[%clk 0:07:12]} 49. Kg3 {[%clk 0:00:34]} Rxb3+ {[%clk 0:07:31]} 50. Kf2
{[%clk 0:01:02]} Rh3 {[%clk 0:07:53]} 0-1

[Event "Sport Summer 2016"]
[Site "Paracin"]
[Date "2016.07.11"]
[Round "5.10"]
[White "Atakisi, Umut"]
[Black "Lajthajm, Borko"]
[Result "1/2-1/2"]
[BlackElo "2433"]
[WhiteElo "2378"]
[LiveChessVersion "1.4.8"]

1. Nf3 {[%clk 1:29:07]} Nf6 {[%clk 1:30:48]} 2. g3 {[%clk 1:29:20]} d5
{[%clk 1:30:52]} 3. Bg2 {[%clk 1:29:27]} c6 {[%clk 1:30:59]} 4. O-O
{[%clk 1:29:15]} Bf5 {[%clk 1:30:49]} 5. d4 {[%clk 1:28:10]} Nbd7
{[%clk 1:30:28]} 6. c4 {[%clk 1:27:45]} dxc4 {[%clk 1:30:39]} 7. Na3
{[%clk 1:12:00]} Nb6 {[%clk 1:24:03]} 8. Ne5 {[%clk 1:10:34]} Be6
{[%clk 1:23:30]} 9. e4 {[%clk 0:59:48]} Nfd7 {[%clk 1:21:38]} 10. d5
{[%clk 0:46:08]} Nxe5 {[%clk 1:19:01]} 11. dxe6 {[%clk 0:46:26]} Qxd1
{[%clk 1:19:10]} 12. Rxd1 {[%clk 0:46:13]} fxe6 {[%clk 1:18:39]} 13. f4
{[%clk 0:42:41]} Nf7 {[%clk 1:18:14]} 14. Be3 {[%clk 0:40:30]} e5
{[%clk 1:16:30]} 15. Rac1 {[%clk 0:39:20]} exf4 {[%clk 1:16:40]} 16. gxf4
{[%clk 0:39:33]} e5 {[%clk 1:16:55]} 17. Nxc4 {[%clk 0:39:46]} Nxc4
{[%clk 1:16:09]} 18. Rxc4 {[%clk 0:40:10]} exf4 {[%clk 1:16:25]} 19. Bxf4
{[%clk 0:40:05]} Rd8 {[%clk 1:14:18]} 20. Rxd8+ {[%clk 0:37:39]} Nxd8
{[%clk 1:14:12]} 21. Bh3 {[%clk 0:34:03]} Be7 {[%clk 1:10:24]} 22. e5
{[%clk 0:31:44]} Kf7 {[%clk 1:10:04]} 23. Be3 {[%clk 0:29:50]} Ne6
{[%clk 1:10:07]} 24. Rc1 {[%clk 0:27:39]} Ng5 {[%clk 1:09:51]} 25. Rf1+
{[%clk 0:26:15]} Ke8 {[%clk 1:06:42]} 26. Bc8 {[%clk 0:17:03]} b6
{[%clk 1:04:32]} 27. e6 {[%clk 0:15:59]} Bc5 {[%clk 1:00:57]} 28. Bxc5
{[%clk 0:15:29]} bxc5 {[%clk 1:01:25]} 29. Rf5 {[%clk 0:13:36]} Ke7
{[%clk 0:59:33]} 30. Rxg5 {[%clk 0:12:17]} Rxc8 {[%clk 0:59:49]} 31. Rxg7+
{[%clk 0:12:38]} Kxe6 {[%clk 1:00:11]} 32. Rxa7 {[%clk 0:09:57]} c4
{[%clk 0:59:36]} 33. Rxh7 {[%clk 0:09:34]} Rb8 {[%clk 0:59:53]} 34. b3
{[%clk 0:09:25]} cxb3 {[%clk 0:59:44]} 35. axb3 {[%clk 0:09:49]} Rxb3
{[%clk 1:00:09]} 36. Kf2 {[%clk 0:10:07]} c5 {[%clk 1:00:33]} 37. Ke2
{[%clk 0:10:18]} Kd5 {[%clk 1:00:49]} 38. Kd2 {[%clk 0:10:27]} Rf3
{[%clk 1:00:40]} 39. Rh4 {[%clk 0:10:43]} Kc6 {[%clk 1:00:57]} 40. Ke2
{[%clk 0:10:54]} Ra3 {[%clk 1:01:19]} 41. Kd2 {[%clk 0:11:12]} Kb5
{[%clk 1:01:42]} 42. Kc2 {[%clk 0:11:38]} 1/2-1/2

[Event "Sport Summer 2016"]
[Site "Paracin"]
[Date "2016.07.11"]
[Round "5.11"]
[White "Radovanovic, Mihajlo"]
[Black "Cabarkapa, Novak"]
[Result "1/2-1/2"]
[BlackElo "2424"]
[WhiteElo "2362"]
[LiveChessVersion "1.4.8"]

1. Nf3 {[%clk 1:30:58]} Nf6 {[%clk 1:30:50]} 2. c4 {[%clk 1:31:24]} g6
{[%clk 1:31:13]} 3. g3 {[%clk 1:31:45]} Bg7 {[%clk 1:31:38]} 4. Bg2
{[%clk 1:32:09]} O-O {[%clk 1:32:01]} 5. O-O {[%clk 1:32:35]} d6 {[%clk 1:32:26]}
6. d4 {[%clk 1:32:57]} Nc6 {[%clk 1:32:50]} 7. Nc3 {[%clk 1:33:21]} e5
{[%clk 1:33:01]} 8. d5 {[%clk 1:33:40]} Nb8 {[%clk 1:33:11]} 9. e4
{[%clk 1:33:21]} a5 {[%clk 1:33:18]} 10. Ne1 {[%clk 1:25:07]} Na6
{[%clk 1:32:32]} 11. Nd3 {[%clk 1:22:07]} Nd7 {[%clk 1:32:46]} 12. Be3
{[%clk 1:09:07]} f5 {[%clk 1:33:10]} 13. f3 {[%clk 1:06:56]} b6 {[%clk 1:28:48]}
14. exf5 {[%clk 0:48:54]} gxf5 {[%clk 1:27:28]} 15. a3 {[%clk 0:46:17]} Ndc5
{[%clk 1:22:12]} 16. Nf2 {[%clk 0:46:05]} Bd7 {[%clk 1:22:10]} 17. b3
{[%clk 0:44:13]} f4 {[%clk 1:02:58]} 18. Bd2 {[%clk 0:41:14]} fxg3
{[%clk 0:58:10]} 19. hxg3 {[%clk 0:41:35]} Qe8 {[%clk 0:58:29]} 20. Rb1
{[%clk 0:30:55]} e4 {[%clk 0:52:20]} 21. Ncxe4 {[%clk 0:27:01]} Nxe4
{[%clk 0:51:24]} 22. fxe4 {[%clk 0:25:56]} Qg6 {[%clk 0:50:19]} 23. Bf4
{[%clk 0:24:21]} Nc5 {[%clk 0:46:46]} 24. Kh2 {[%clk 0:11:37]} h5
{[%clk 0:42:51]} 25. Bh3 {[%clk 0:08:56]} Bxh3 {[%clk 0:39:15]} 26. Kxh3
{[%clk 0:09:17]} Rae8 {[%clk 0:39:17]} 27. Qf3 {[%clk 0:07:06]} Bd4
{[%clk 0:35:02]} 28. Rbe1 {[%clk 0:04:10]} Bxf2 {[%clk 0:31:27]} 29. Rxf2
{[%clk 0:03:41]} Nxe4 {[%clk 0:30:57]} 30. Rfe2 {[%clk 0:04:03]} Ng5+
{[%clk 0:30:59]} 31. Bxg5 {[%clk 0:04:28]} Rxf3 {[%clk 0:31:22]} 32. Rxe8+
{[%clk 0:04:54]} Rf8 {[%clk 0:30:52]} 33. Rxf8+ {[%clk 0:05:21]} Kxf8
{[%clk 0:31:18]} 34. Kh4 {[%clk 0:05:28]} Qc2 {[%clk 0:31:03]} 35. Kxh5
{[%clk 0:04:36]} Qxb3 {[%clk 0:31:20]} 36. Rf1+ {[%clk 0:03:10]} Kg8
{[%clk 0:30:27]} 37. Bh6 {[%clk 0:02:19]} 1/2-1/2

[Event "Sport Summer 2016"]
[Site "Paracin"]
[Date "2016.07.11"]
[Round "5.12"]
[White "Burcu, Cagatay"]
[Black "Ratkovic, Miloje"]
[Result "1/2-1/2"]
[BlackElo "2404"]
[WhiteElo "2260"]
[LiveChessVersion "1.4.8"]

1. d4 {[%clk 1:30:16]} Nf6 {[%clk 1:28:53]} 2. Nf3 {[%clk 1:30:30]} e6
{[%clk 1:28:36]} 3. c4 {[%clk 1:30:50]} b6 {[%clk 1:28:26]} 4. g3
{[%clk 1:31:10]} Bb7 {[%clk 1:28:45]} 5. Bg2 {[%clk 1:31:23]} Bb4+
{[%clk 1:29:05]} 6. Bd2 {[%clk 1:30:07]} Bxd2+ {[%clk 1:29:06]} 7. Qxd2
{[%clk 1:29:49]} O-O {[%clk 1:29:19]} 8. Nc3 {[%clk 1:28:01]} d6 {[%clk 1:29:18]}
9. O-O {[%clk 1:27:52]} Nbd7 {[%clk 1:28:49]} 10. Rfd1 {[%clk 1:25:19]} Ne4
{[%clk 1:22:21]} 11. Qc2 {[%clk 1:17:38]} Nxc3 {[%clk 1:22:02]} 12. Qxc3
{[%clk 1:16:47]} Qe7 {[%clk 1:13:17]} 13. b4 {[%clk 1:04:29]} a5 {[%clk 1:12:14]}
14. a3 {[%clk 1:02:50]} Nf6 {[%clk 1:01:33]} 15. c5 {[%clk 0:50:06]} axb4
{[%clk 0:58:51]} 16. axb4 {[%clk 0:49:27]} Bd5 {[%clk 0:52:47]} 17. Nd2
{[%clk 0:41:34]} Bxg2 {[%clk 0:45:18]} 18. Kxg2 {[%clk 0:41:58]} bxc5
{[%clk 0:31:33]} 19. bxc5 {[%clk 0:41:33]} Nd5 {[%clk 0:29:07]} 20. cxd6
{[%clk 0:36:46]} cxd6 {[%clk 0:28:20]} 21. Qc6 {[%clk 0:35:16]} Rac8
{[%clk 0:25:53]} 22. Qa6 {[%clk 0:33:05]} h6 {[%clk 0:21:19]} 23. e4
{[%clk 0:27:35]} Nf6 {[%clk 0:20:51]} 24. Rdc1 {[%clk 0:26:36]} Rb8
{[%clk 0:18:24]} 25. Rc6 {[%clk 0:23:34]} Rfd8 {[%clk 0:18:35]} 26. Rac1
{[%clk 0:20:33]} Ra8 {[%clk 0:16:57]} 27. Qd3 {[%clk 0:19:22]} d5
{[%clk 0:12:48]} 28. e5 {[%clk 0:19:37]} Nh7 {[%clk 0:12:20]} 29. h4
{[%clk 0:19:07]} Nf8 {[%clk 0:12:20]} 30. Nb1 {[%clk 0:14:45]} Qe8
{[%clk 0:10:20]} 31. Qc3 {[%clk 0:14:03]} Ng6 {[%clk 0:10:12]} 32. Na3
{[%clk 0:13:35]} Ne7 {[%clk 0:09:52]} 33. Rc5 {[%clk 0:12:45]} Rdb8
{[%clk 0:08:27]} 34. Qd3 {[%clk 0:11:12]} Qa4 {[%clk 0:07:14]} 35. Nb5
{[%clk 0:10:53]} Nf5 {[%clk 0:05:46]} 36. h5 {[%clk 0:10:42]} Qb4
{[%clk 0:02:03]} 37. R1c3 {[%clk 0:09:19]} Qb2 {[%clk 0:01:03]} 38. g4
{[%clk 0:08:56]} Nh4+ {[%clk 0:01:10]} 39. Kg3 {[%clk 0:08:48]} g5
{[%clk 0:01:32]} 40. hxg6 {[%clk 0:08:39]} Nxg6 {[%clk 0:01:56]} 41. Nd6
{[%clk 0:08:44]} Qa1 {[%clk 0:00:43]} 42. Qf3 {[%clk 0:07:28]} Rf8
{[%clk 0:00:45]} 43. Rc8 {[%clk 0:07:01]} Raxc8 {[%clk 0:00:33]} 44. Rxc8
{[%clk 0:07:26]} f5 {[%clk 0:00:32]} 45. Rxf8+ {[%clk 0:06:48]} Nxf8
{[%clk 0:00:35]} 46. gxf5 {[%clk 0:05:53]} Qxd4 {[%clk 0:00:41]} 47. Qg4+
{[%clk 0:04:50]} Qxg4+ {[%clk 0:01:05]} 48. Kxg4 {[%clk 0:05:17]} Kg7
{[%clk 0:00:32]} 49. f6+ {[%clk 0:04:02]} Kg6 {[%clk 0:00:49]} 50. f4
{[%clk 0:04:26]} h5+ {[%clk 0:00:38]} 51. Kf3 {[%clk 0:04:05]} Nd7
{[%clk 0:00:36]} 52. Nb5 {[%clk 0:04:17]} Nxf6 {[%clk 0:00:36]} 53. exf6
{[%clk 0:04:16]} Kxf6 {[%clk 0:00:59]} 54. Nd4 {[%clk 0:03:44]} e5
{[%clk 0:01:09]} 55. fxe5+ 1/2-1/2

[Event "Sport Summer 2016"]
[Site "Paracin"]
[Date "2016.07.11"]
[Round "5.13"]
[White "Marjanovic, Dejan"]
[Black "Topalov, Aleksandar"]
[Result "1-0"]
[BlackElo "2250"]
[WhiteElo "2392"]
[LiveChessVersion "1.4.8"]

1. Nf3 {[%clk 1:24:49]} Nf6 {[%clk 1:30:33]} 2. d4 {[%clk 1:24:42]} g6
{[%clk 1:30:34]} 3. c4 {[%clk 1:25:01]} Bg7 {[%clk 1:30:53]} 4. g3
{[%clk 1:25:23]} O-O {[%clk 1:30:58]} 5. Bg2 {[%clk 1:25:49]} c5 {[%clk 1:30:39]}
6. O-O {[%clk 1:26:10]} Nc6 {[%clk 1:29:06]} 7. Nc3 {[%clk 1:23:36]} d6
{[%clk 1:24:55]} 8. d5 {[%clk 1:23:14]} Na5 {[%clk 1:24:51]} 9. Nd2
{[%clk 1:23:17]} e6 {[%clk 1:24:14]} 10. Qc2 {[%clk 1:22:34]} exd5
{[%clk 1:23:44]} 11. cxd5 {[%clk 1:22:24]} a6 {[%clk 1:22:28]} 12. b3
{[%clk 1:20:56]} Bf5 {[%clk 1:16:34]} 13. e4 {[%clk 1:19:36]} Bd7
{[%clk 1:16:58]} 14. Bb2 {[%clk 1:19:36]} b5 {[%clk 1:17:07]} 15. Rae1
{[%clk 1:19:03]} b4 {[%clk 1:17:14]} 16. Nd1 {[%clk 1:19:18]} Bb5
{[%clk 1:14:05]} 17. Nc4 {[%clk 1:18:32]} Bxc4 {[%clk 1:12:44]} 18. bxc4
{[%clk 1:18:54]} Nd7 {[%clk 1:12:23]} 19. Bxg7 {[%clk 1:10:19]} Kxg7
{[%clk 1:10:10]} 20. f4 {[%clk 1:10:02]} Re8 {[%clk 1:04:37]} 21. Bh3
{[%clk 1:02:21]} Nb6 {[%clk 0:54:20]} 22. Nb2 {[%clk 1:00:25]} Qc7
{[%clk 0:45:11]} 23. Qd3 {[%clk 0:57:47]} Rad8 {[%clk 0:44:00]} 24. Re2
{[%clk 0:56:27]} Nb7 {[%clk 0:38:59]} 25. Rfe1 {[%clk 0:55:52]} a5
{[%clk 0:35:59]} 26. Qc2 {[%clk 0:49:55]} a4 {[%clk 0:24:51]} 27. Nxa4
{[%clk 0:45:54]} Nxa4 {[%clk 0:19:19]} 28. Qxa4 {[%clk 0:46:14]} f6
{[%clk 0:18:37]} 29. Qc2 {[%clk 0:33:29]} Ra8 {[%clk 0:15:43]} 30. Be6
{[%clk 0:27:57]} Ra3 {[%clk 0:14:19]} 31. e5 {[%clk 0:27:06]} Qd8
{[%clk 0:09:16]} 32. Bd7 {[%clk 0:26:21]} Rf8 {[%clk 0:07:41]} 33. Bc6
{[%clk 0:20:47]} Na5 {[%clk 0:05:43]} 34. exd6 {[%clk 0:12:56]} Nxc6
{[%clk 0:03:59]} 35. Re7+ {[%clk 0:09:09]} Rf7 {[%clk 0:02:19]} 36. dxc6
{[%clk 0:07:59]} Qxd6 {[%clk 0:02:43]} 37. Qe4 {[%clk 0:04:24]} Ra7
{[%clk 0:01:21]} 38. Rxa7 {[%clk 0:04:21]} Rxa7 {[%clk 0:01:48]} 39. Qd5
{[%clk 0:04:26]} Qf8 {[%clk 0:01:55]} 40. Re6 {[%clk 0:03:18]} b3
{[%clk 0:01:02]} 41. axb3 {[%clk 0:03:31]} Ra1+ {[%clk 0:01:24]} 42. Kg2
{[%clk 0:03:33]} Ra2+ {[%clk 0:01:27]} 43. Kf3 {[%clk 0:02:59]} Ra7
{[%clk 0:00:47]} 44. Rd6 {[%clk 0:03:05]} Kh6 {[%clk 0:01:04]} 45. Rd7
{[%clk 0:03:04]} Qb8 {[%clk 0:00:44]} 46. Rxa7 {[%clk 0:02:38]} Qxa7
{[%clk 0:01:09]} 47. Qd8 {[%clk 0:02:58]} f5 {[%clk 0:00:50]} 48. h3
{[%clk 0:02:54]} Qf7 {[%clk 0:00:43]} 49. c7 {[%clk 0:03:11]} Qe6
{[%clk 0:01:04]} 50. c8=Q {[%clk 0:03:10]} Qe4+ {[%clk 0:01:30]} 51. Kf2
{[%clk 0:03:35]} Qc2+ {[%clk 0:01:53]} 52. Ke1 {[%clk 0:03:39]} Qc1+
{[%clk 0:02:07]} 53. Qd1 {[%clk 0:03:51]} Qe3+ {[%clk 0:02:28]} 54. Kf1
{[%clk 0:04:15]} 1-0

[Event "Sport Summer 2016"]
[Site "Paracin"]
[Date "2016.07.11"]
[Round "5.14"]
[White "Budimir, Boris"]
[Black "Becker, Marcel"]
[Result "0-1"]
[BlackElo "2380"]
[WhiteElo "2272"]
[LiveChessVersion "1.4.8"]

1. e4 {[%clk 1:30:58]} c6 {[%clk 1:30:51]} 2. d4 {[%clk 1:31:14]} d5
{[%clk 1:31:13]} 3. exd5 {[%clk 1:31:36]} cxd5 {[%clk 1:31:34]} 4. c4
{[%clk 1:32:02]} Nf6 {[%clk 1:31:42]} 5. Nc3 {[%clk 1:32:05]} Nc6
{[%clk 1:32:01]} 6. Nf3 {[%clk 1:31:30]} Bg4 {[%clk 1:32:06]} 7. cxd5
{[%clk 1:30:33]} Nxd5 {[%clk 1:32:26]} 8. Qb3 {[%clk 1:26:23]} Bxf3
{[%clk 1:32:41]} 9. gxf3 {[%clk 1:26:50]} e6 {[%clk 1:32:48]} 10. Nxd5
{[%clk 1:22:42]} Qxd5 {[%clk 1:32:23]} 11. Qxd5 {[%clk 1:21:36]} exd5
{[%clk 1:32:42]} 12. Bb5 {[%clk 1:20:54]} O-O-O {[%clk 1:26:48]} 13. Be3
{[%clk 1:11:25]} Bb4+ {[%clk 1:18:23]} 14. Ke2 {[%clk 1:08:28]} Rhe8
{[%clk 1:18:33]} 15. Rac1 {[%clk 0:54:09]} Re6 {[%clk 1:18:39]} 16. Rhg1
{[%clk 0:51:49]} g6 {[%clk 1:18:43]} 17. a3 {[%clk 0:48:03]} Be7 {[%clk 1:16:12]}
18. Rc3 {[%clk 0:37:33]} Kb8 {[%clk 1:15:13]} 19. Kd3 {[%clk 0:33:24]} a6
{[%clk 1:14:02]} 20. Bxc6 {[%clk 0:32:38]} Rxc6 {[%clk 1:13:55]} 21. Rxc6
{[%clk 0:29:18]} bxc6 {[%clk 1:13:39]} 22. f4 {[%clk 0:28:21]} f5
{[%clk 1:05:42]} 23. Rg3 {[%clk 0:28:11]} Rd7 {[%clk 1:03:10]} 24. Rh3
{[%clk 0:28:25]} Bd6 {[%clk 1:02:38]} 25. Bd2 {[%clk 0:28:11]} Rb7
{[%clk 0:59:49]} 26. Kc2 {[%clk 0:24:47]} Re7 {[%clk 0:56:37]} 27. Kd3
{[%clk 0:23:19]} Kc7 {[%clk 0:55:56]} 28. Re3 {[%clk 0:20:20]} Kd7
{[%clk 0:54:27]} 29. Rxe7+ {[%clk 0:19:33]} Bxe7 {[%clk 0:54:38]} 30. a4
{[%clk 0:14:23]} Bd6 {[%clk 0:51:20]} 31. Ke2 {[%clk 0:13:25]} Ke6
{[%clk 0:50:33]} 32. Kf3 {[%clk 0:12:13]} Kf6 {[%clk 0:50:30]} 33. Ba5
{[%clk 0:11:33]} Kg7 {[%clk 0:49:34]} 34. Bd2 {[%clk 0:05:33]} Kh6
{[%clk 0:48:34]} 35. Kg3 {[%clk 0:05:27]} Kh5 {[%clk 0:46:06]} 36. Kh3
{[%clk 0:04:40]} h6 {[%clk 0:45:37]} 37. Kg3 {[%clk 0:01:12]} g5 {[%clk 0:45:57]}
38. f3 {[%clk 0:00:50]} g4 {[%clk 0:45:54]} 39. fxg4+ {[%clk 0:01:07]} fxg4
{[%clk 0:46:17]} 40. h3 {[%clk 0:00:41]} gxh3 {[%clk 0:46:37]} 41. Kxh3
{[%clk 0:01:10]} Kg6 {[%clk 0:46:43]} 42. Kg4 {[%clk 0:01:33]} h5+
{[%clk 0:47:06]} 43. Kf3 {[%clk 0:01:43]} Kf5 {[%clk 0:47:28]} 44. Be3
{[%clk 0:02:07]} Bb4 {[%clk 0:46:46]} 45. Bf2 {[%clk 0:01:59]} Bd2
{[%clk 0:47:04]} 46. Bg3 {[%clk 0:02:11]} Bc1 {[%clk 0:47:05]} 47. Ke4+ 0-1

[Event "Sport Summer 2016"]
[Site "Paracin"]
[Date "2016.07.11"]
[Round "5.15"]
[White "Sredojevic, Ivan"]
[Black "Maksimovic, Bojan"]
[Result "1-0"]
[BlackElo "2131"]
[WhiteElo "2342"]
[LiveChessVersion "1.4.8"]

1. e4 {[%clk 1:30:55]} c5 {[%clk 1:30:49]} 2. Nf3 {[%clk 1:31:19]} e6
{[%clk 1:31:07]} 3. d3 {[%clk 1:31:16]} Nc6 {[%clk 1:30:55]} 4. g3
{[%clk 1:31:40]} d6 {[%clk 1:28:30]} 5. Bg2 {[%clk 1:32:05]} Nf6 {[%clk 1:28:40]}
6. O-O {[%clk 1:32:29]} Be7 {[%clk 1:28:50]} 7. c3 {[%clk 1:32:30]} O-O
{[%clk 1:27:37]} 8. Re1 {[%clk 1:32:55]} Qc7 {[%clk 1:26:41]} 9. Nbd2
{[%clk 1:33:05]} Bd7 {[%clk 1:24:18]} 10. a3 {[%clk 1:32:48]} e5 {[%clk 1:15:52]}
11. Nc4 {[%clk 1:32:11]} Rfe8 {[%clk 1:13:08]} 12. Bg5 {[%clk 1:27:04]} h6
{[%clk 1:10:32]} 13. Bd2 {[%clk 1:26:01]} Be6 {[%clk 1:08:43]} 14. Ne3
{[%clk 1:26:25]} b5 {[%clk 1:05:28]} 15. Nh4 {[%clk 1:26:01]} Rad8
{[%clk 0:56:49]} 16. Nd5 {[%clk 1:26:03]} Qc8 {[%clk 0:50:31]} 17. b4
{[%clk 1:21:28]} Nb8 {[%clk 0:36:59]} 18. a4 {[%clk 1:13:03]} cxb4
{[%clk 0:35:54]} 19. cxb4 {[%clk 1:12:33]} Qb7 {[%clk 0:35:39]} 20. axb5
{[%clk 1:07:41]} Nxd5 {[%clk 0:34:41]} 21. exd5 {[%clk 1:08:09]} Bxd5
{[%clk 0:34:05]} 22. Bxd5 {[%clk 1:08:37]} Qxd5 {[%clk 0:34:26]} 23. Nf5
{[%clk 1:08:59]} Bf6 {[%clk 0:24:11]} 24. Qg4 {[%clk 1:06:03]} Qxd3
{[%clk 0:22:57]} 25. Rad1 {[%clk 1:04:54]} d5 {[%clk 0:15:56]} 26. Be3
{[%clk 0:54:54]} Qxb5 {[%clk 0:14:44]} 27. Nxg7 {[%clk 0:55:04]} Qc4
{[%clk 0:14:15]} 28. Nxe8+ {[%clk 0:55:09]} 1-0

[Event "Sport Summer 2016"]
[Site "Paracin"]
[Date "2016.07.11"]
[Round "5.16"]
[White "Ardeleanu, Alin"]
[Black "Sahin, Ozgun"]
[Result "1-0"]
[BlackElo "2042"]
[WhiteElo "2338"]
[LiveChessVersion "1.4.8"]

1. e4 {[%clk 1:30:40]} e5 {[%clk 1:30:42]} 2. Nf3 {[%clk 1:30:46]} d6
{[%clk 1:31:03]} 3. d4 {[%clk 1:30:08]} exd4 {[%clk 1:31:23]} 4. Nxd4
{[%clk 1:29:37]} Nf6 {[%clk 1:31:32]} 5. Nc3 {[%clk 1:28:32]} Nc6
{[%clk 1:30:13]} 6. Bb5 {[%clk 1:22:34]} Bd7 {[%clk 1:30:28]} 7. O-O
{[%clk 1:17:36]} Be7 {[%clk 1:29:46]} 8. Nxc6 {[%clk 1:08:42]} bxc6
{[%clk 1:28:35]} 9. Be2 {[%clk 1:07:53]} Rb8 {[%clk 1:25:12]} 10. b3
{[%clk 1:07:32]} O-O {[%clk 1:25:11]} 11. f4 {[%clk 1:06:48]} Re8
{[%clk 1:18:28]} 12. Bf3 {[%clk 1:04:33]} Bf8 {[%clk 1:16:12]} 13. Bb2
{[%clk 1:04:37]} Qc8 {[%clk 1:10:56]} 14. h3 {[%clk 0:53:39]} Bxh3
{[%clk 1:04:57]} 15. f5 {[%clk 0:35:26]} Bxf5 {[%clk 1:01:23]} 16. exf5
{[%clk 0:35:49]} Qxf5 {[%clk 1:01:48]} 17. Na4 {[%clk 0:30:43]} d5
{[%clk 0:43:11]} 18. Bxf6 {[%clk 0:27:35]} gxf6 {[%clk 0:43:39]} 19. Bh5
{[%clk 0:21:58]} Qg5 {[%clk 0:41:26]} 20. Qg4 {[%clk 0:22:10]} Bh6
{[%clk 0:41:21]} 21. Rf5 {[%clk 0:12:40]} Qxg4 22. Bxg4 {[%clk 0:13:09]} Rb4
{[%clk 0:40:55]} 23. Bh3 {[%clk 0:08:28]} Bg5 {[%clk 0:30:51]} 24. Rf3
{[%clk 0:07:40]} Re2 {[%clk 0:30:58]} 25. Bf5 {[%clk 0:07:44]} Rh4
{[%clk 0:29:52]} 26. Rd1 {[%clk 0:05:46]} Re5 {[%clk 0:27:06]} 27. Kf2
{[%clk 0:04:24]} d4 {[%clk 0:25:39]} 28. Nb2 {[%clk 0:02:19]} Be3+
{[%clk 0:25:58]} 29. Kg3 {[%clk 0:02:40]} Rh5 {[%clk 0:25:44]} 30. Rdf1
{[%clk 0:02:35]} Kh8 {[%clk 0:19:54]} 31. Nc4 {[%clk 0:02:27]} Re8
{[%clk 0:19:32]} 32. Nxe3 {[%clk 0:02:46]} dxe3 {[%clk 0:19:54]} 33. Kf4
{[%clk 0:02:11]} Rh4+ {[%clk 0:13:00]} 34. g4 {[%clk 0:02:03]} h5
{[%clk 0:13:00]} 35. Rxe3 {[%clk 0:01:53]} Rxe3 {[%clk 0:13:19]} 36. Kxe3
{[%clk 0:02:21]} hxg4 {[%clk 0:13:46]} 37. Kf4 {[%clk 0:02:25]} g3+
{[%clk 0:13:51]} 38. Kxg3 {[%clk 0:02:52]} Rd4 {[%clk 0:14:13]} 39. Rf4
{[%clk 0:02:32]} Rd5 {[%clk 0:14:27]} 40. Be4 {[%clk 0:02:49]} Rg5+
{[%clk 0:14:21]} 41. Kf3 {[%clk 0:03:11]} Kg7 {[%clk 0:14:34]} 42. Bxc6
{[%clk 0:02:42]} Rc5 {[%clk 0:14:27]} 43. Be4 {[%clk 0:03:02]} a5
{[%clk 0:14:40]} 44. Bd3 {[%clk 0:03:26]} Re5 {[%clk 0:14:46]} 45. Rc4 1-0

[Event "Sport Summer 2016"]
[Site "Paracin"]
[Date "2016.07.11"]
[Round "5.17"]
[White "Ivic, Velimir"]
[Black "Konstantinov, Aleksandar"]
[Result "1-0"]
[BlackElo "2018"]
[WhiteElo "2315"]
[LiveChessVersion "1.4.8"]

1. e4 {[%clk 1:30:58]} e6 {[%clk 1:30:52]} 2. d4 {[%clk 1:31:23]} d5
{[%clk 1:31:18]} 3. Nc3 {[%clk 1:31:49]} Nf6 {[%clk 1:31:41]} 4. e5
{[%clk 1:32:13]} Nfd7 {[%clk 1:32:06]} 5. f4 {[%clk 1:32:40]} c5 {[%clk 1:32:30]}
6. Nf3 {[%clk 1:33:05]} Nc6 {[%clk 1:32:54]} 7. Be3 {[%clk 1:33:28]} cxd4
{[%clk 1:33:15]} 8. Nxd4 {[%clk 1:33:32]} Bc5 {[%clk 1:33:38]} 9. Qd2
{[%clk 1:32:10]} O-O {[%clk 1:33:57]} 10. O-O-O {[%clk 1:32:01]} a6
{[%clk 1:34:20]} 11. Qf2 {[%clk 1:32:03]} Bxd4 {[%clk 1:31:21]} 12. Bxd4
{[%clk 1:32:18]} b5 {[%clk 1:31:45]} 13. Be3 {[%clk 1:29:21]} Qa5
{[%clk 1:32:07]} 14. Kb1 {[%clk 1:25:36]} b4 {[%clk 1:30:58]} 15. Ne2
{[%clk 1:25:52]} Qc7 {[%clk 1:31:21]} 16. Nd4 {[%clk 1:12:00]} Nxd4
{[%clk 1:16:36]} 17. Bxd4 {[%clk 1:12:21]} Bb7 {[%clk 1:10:08]} 18. Bd3
{[%clk 1:10:15]} Rfc8 {[%clk 1:03:40]} 19. f5 {[%clk 0:58:57]} Nc5
{[%clk 0:56:56]} 20. f6 {[%clk 0:56:17]} g6 {[%clk 0:54:14]} 21. Qe3
{[%clk 0:50:01]} Kh8 {[%clk 0:52:15]} 22. h4 {[%clk 0:47:26]} Nxd3
{[%clk 0:51:44]} 23. cxd3 {[%clk 0:47:28]} Rg8 {[%clk 0:47:08]} 24. g4
{[%clk 0:45:38]} Rac8 {[%clk 0:47:12]} 25. Rh2 {[%clk 0:43:32]} Qd7
{[%clk 0:45:20]} 26. g5 {[%clk 0:41:18]} h5 {[%clk 0:45:19]} 27. gxh6
{[%clk 0:41:40]} Kh7 {[%clk 0:45:48]} 28. h5 {[%clk 0:38:29]} gxh5
{[%clk 0:44:49]} 29. Rg1 {[%clk 0:34:19]} Rxg1+ {[%clk 0:44:35]} 30. Qxg1
{[%clk 0:34:45]} Rg8 {[%clk 0:45:03]} 31. Qg7+ {[%clk 0:34:48]} Rxg7
{[%clk 0:45:11]} 32. hxg7 {[%clk 0:35:13]} 1-0